Statistics for Famous People with Odd First Names

Click here to take the quiz!

General Stats

  • This quiz has been taken 336 times
  • The average score is 36 of 54

Answer Stats

HintAnswer% Correct
KanyeWest
94%
MileyCyrus
92%
DenzelWashington
92%
OprahWinfrey
91%
RingoStarr
90%
WhoopiGoldberg
89%
TigerWoods
89%
MerylStreep
88%
DemiMoore
87%
KeanuReeves
87%
BeyonceKnowles
86%
OrlandoBloom
85%
SylvesterStallone
85%
UmaThurman
85%
AvrilLavigne
84%
SigourneyWeaver
82%
CocoChanel
81%
WinonaRyder
81%
GenghisKhan
80%
MarlonBrando
79%
SigmundFreud
79%
CharlizeTheron
79%
OrsonWelles
77%
VinDiesel
76%
HulkHogan
76%
BuzzAldrin
75%
KieferSutherland
75%
GoldieHawn
73%
ChevyChase
72%
GrouchoMarx
72%
LivTyler
72%
ShaquilleO'Neal
70%
CondoleezaRice
69%
TupacShakur
67%
CheGuevara
62%
EsteeLauder
59%
SelmaHayek
58%
GalileoGalilei
56%
MuddyWaters
52%
NewtGingrich
48%
PortiaDe Rossi
44%
DanicaPatrick
42%
RegisPhilbin
41%
RavenSymone
41%
YogiBerra
40%
BristolPalin
39%
RushLimbaugh
38%
LeightonMeester
31%
NicolaTesla
31%
ValentinoRossi
29%
MinkaKelly
26%
MettaWorld Peace
25%
EmerilLagasse
24%
Jean ClaudeVan Damme
15%

Score Distribution

Percentile by Number Answered

Percent of People with Each Score

Your Score History

You have not taken this quiz